Speedcuberzy, z +20 zawodami w jednym roku - Statystyki

Ogólne statystyki
  • Ten quiz został rozwiązany 146 razy
  • Średni wynik to 11 z 18
Statystyki odpowiedzi
Hint Odpowiedź % Poprawnych
43 Przemysław Rogalski
94%
25 Tymon Kolasiński
91%
24 Piotr Tokarski
89%
21 Krzysztof Bober
88%
23 Karol Zakrzewski
81%
20 Łukasz Burliga
80%
20 Michał Rzewuski
72%
36 Kacper Paweł Dworak
68%
21 Rafał Waryszak
67%
21 Michał Halczuk
66%
20 Jakub Hamkało
61%
27 Wojciech Szatanowski
59%
20 Michał Bogdan
54%
22 Tomasz Żołnowski
40%
24 Piotr Olszewski
39%
22 Adam Chodyniecki
30%
23 Witali Bułatow
21%
28 Mateusz Cichoracki
17%
Nie znaleziono quizów pasujących do podanych kryteriów
Rozkład punktacji
Procent ludzi z każdym wynikiem
Percentyl według liczby udzielonych odpowiedzi
Twoja historia wyników
Nie rozwiązałeś tego quizu